Masculinidades cambios y permanencias: varones del Cuzco, Iquitos y Lima
Gardado en:
| Autor Principal: | |
|---|---|
| Formato: | Texto |
| Publicado: |
Lima:
Fondo Editorial de la Pontíficia Universidad Católica
|
| Materias: | |
| Etiquetas: |
Engadir etiqueta
Sen Etiquetas, Sexa o primeiro en etiquetar este rexistro!
|
MARC
| LEADER | 00000 a a2200000 04500 | ||
|---|---|---|---|
| 001 | 28114 | ||
| 003 | |||
| 040 | |||
| 090 | |a 187001 | ||
| 100 | |a Fuller, Norma | ||
| 245 | |a Masculinidades cambios y permanencias: varones del Cuzco, Iquitos y Lima | ||
| 260 | |a Lima: |b Fondo Editorial de la Pontíficia Universidad Católica | ||
| 300 | |a 509 p |b **no definido** | ||
| 650 | |a MASCULINIDAD | ||
| 650 | |a GENERO | ||
| 650 | |a CUERPO HUMANO | ||
| 650 | |a PERU | ||
| 999 | |c 16232 |d 16232 | ||
